COOP Jednota: 150 rokov spotrebných družstiev na Slovensku
Salvato in:
| Natura: | Libro |
|---|---|
| Lingua: | slovacco |
| Pubblicazione: |
Bratislava
COOP Jednota
2019
|
| Soggetti: | |
| Tags: |
Nessun Tag, puoi essere il primo ad aggiungerne!!
|
MARC
| LEADER | 00000nam a2200000 4500 | ||
|---|---|---|---|
| 001 | 0262736 | ||
| 005 | 20240318125523.6 | ||
| 041 | 0 | |a slo | |
| 044 | |a SK | ||
| 245 | 1 | 0 | |a COOP Jednota: 150 rokov spotrebných družstiev na Slovensku |
| 264 | 1 | |a Bratislava |b COOP Jednota |c 2019 | |
| 300 | |a 53 s. | ||
| 610 | 2 | 0 | |a družstvá |
| 610 | 2 | 0 | |a družstevníctvo |
| 610 | 2 | 0 | |a vývoj |
| 610 | 2 | 0 | |a história |
| 610 | 2 | 0 | |a Slovensko |